Principles of wireless access and localization

Saved in:
Bibliographic Details
Main Author: Pahlavan, Kaven 1951-
Other Authors: Krishnamurthy, Prashant
Format: Book
Language:English
Published: Chichester : Wiley, c2013
Subjects:
Tags: Add Tag
No Tags, Be the first to tag this record!

MARC

LEADER 00000nam a2200000 i 4500
001 1/66903
008 150213s2013 eng d
020 |a 978-0-470-69708-5 
035 |l 10121062 
040 |a GR-MY-UA  |b gre  |e aacr 
041 0 |a eng 
082 0 |a 621.38456  |2 (23) 
100 1 |a Pahlavan, Kaven  |d 1951- 
245 1 0 |a Principles of wireless access and localization /  |c Kaveh Pahlavan, Prashant Krishnamurthy 
260 |a Chichester :   |b Wiley,   |c c2013 
300 |a xviii, 706 σ.;  |b σχέδια, πιν.;  |c 26 εκ. 
504 |a Βιβλιογραφία: σ.[687]-699. Ευρετήριο 
650 0 0 |a Wireless localization. 
650 0 0 |a Wireless communication systems  |x Access control. 
700 1 |a Krishnamurthy, Prashant. 
852 |a INST  |b SAMOS  |e 20150213  |h 621.38456 PAH  |p 005300041688  |q 005300041688  |t BK  |y 0 
901 |a BIBL3-2015-1 
909 |a Σ  |b 189313 
922 |a 3ΕΛΗ  |b 201405  |c ΤΜΠΕΣ  |d ΔΙΑΔΡΟΜΕΣ 
970 |a ΚΟΣΙΕΡΗΣ  |b ΧΡΗΣΤΟΣ  |z 2015/02/13